000 00711nam a2200265Ia 4500
003 OSt
005 20220912151820.0
006 a|||||r|||| 00| 0
007 ta
008 220909b |||||||| |||| 00| 0 eng d
024 _a47272
037 _cTextual
040 _aCSL
_beng
_cCSL
041 _aeng
082 _aH2:f(C5:3), K4
100 _aRomanova Mariya A
245 0 _aAir survey of sand deposits by spectral luminace
260 _aNew York
_b Consultants Bureau
_c1964
300 _a158p.
_ccm.
500 _aAppendix 147-58p
650 _a Rock geophysics
650 _aGeology
942 _hH2:f(C5:3), K4
_cTEXL
_2CC
999 _c75631
_d75631